=LDR 00000nam 2200000 4500 =001 INLIS000000000060369 =005 20220126090706 =035 ##$$a 0010-0122000305 =007 ta =008 220126###########################0#ind## =020 ##$$a 978-602-7626-06-5 =082 ##$$a 320 =084 ##$$a 320 Ma'm t =245 1#$$a Tumbal Politik Cikeas : $b Anas Urbaningrum Dalam Sorotan Status Facebook /$c Ma'mun Murod Al Barbasy =300 ##$$a 282 halaman : $b ilustrasi ; $c 20 cm =650 #4$$a Politik =264 ##$$a Jakarta :$b Pijar Ilmu,$c 2013 =336 ##$$a teks$2 rdacontent =337 ##$$a lain-lain$2 rdamedia =338 ##$$a lain-lain$2 rdacarrier =990 ##$$a 04050405